|
|
|
|
| LEADER |
00000nam0a2200000 4500 |
| 001 |
250530 |
| 005 |
20231101232554.0 |
| 010 |
|
|
|a 9785911347963
|
| 010 |
|
|
|a 978-5-16-009087-0
|
| 035 |
|
|
|a (RuTPU)RU\TPU\book\272739
|
| 090 |
|
|
|a 250530
|
| 100 |
|
|
|a 20140214d2014 m y0rusy50 ca
|
| 101 |
0 |
|
|a rus
|
| 102 |
|
|
|a RU
|
| 105 |
|
|
|a a j 001zy
|
| 200 |
1 |
|
|a Надежность электроснабжения
|e учебное пособие
|f В. Я. Хорольский, М. А. Таранов
|
| 210 |
|
|
|a Москва
|c Форум
|c Инфра-М
|d 2014
|
| 215 |
|
|
|a 127 с.
|c ил.
|
| 225 |
1 |
|
|a Высшее образование. Бакалавриат
|
| 320 |
|
|
|a Библиогр.: с. 123-124.
|
| 330 |
|
|
|a Изложены теоретические основы надежности систем электроснабжения. Приводятся показатели надежности, рассматриваются модели отказов, методы расчета надежности невосстанавливаемых и восстанавливаемых систем. Дается оценка влияния перерывов электроснабжения на ущерб, наносимый потребителям, рассмотрены рекомендации по обеспечению требуемого уровня надежности при проектировании и в процессе эксплуатации электроустановок. Пособие рекомендовано студентам высших учебных заведений, учащихся колледжей, а также работникам электрохозяйств.
|
| 606 |
1 |
|
|a Электроснабжение
|2 stltpush
|3 (RuTPU)RU\TPU\subj\20841
|9 45911
|
| 610 |
1 |
|
|a надежность
|
| 610 |
1 |
|
|a показатели
|
| 610 |
1 |
|
|a модели отказов
|
| 610 |
1 |
|
|a невосстанавливаемые системы
|
| 610 |
1 |
|
|a восстанавливаемые системы
|
| 610 |
1 |
|
|a расчет
|
| 610 |
1 |
|
|a электрическая энергия
|
| 610 |
1 |
|
|a недоотпуск
|
| 610 |
1 |
|
|a технико-экономическая оценка
|
| 610 |
1 |
|
|a учебные пособия
|
| 675 |
|
|
|a 621.31.031(075.8)
|v 3
|
| 700 |
|
1 |
|a Хорольский
|b В. Я.
|g Владимир Яковлевич
|
| 701 |
|
1 |
|a Таранов
|b М. А.
|g Михаил Алексеевич
|
| 801 |
|
1 |
|a RU
|b 63413507
|c 20140214
|
| 801 |
|
2 |
|a RU
|b 63413507
|c 20210609
|g RCR
|
| 900 |
|
|
|a Электроснабжение
|
| 900 |
|
|
|a Электроэнергетика
|
| 942 |
|
|
|c BK
|
| 954 |
|
|
|b 140400
|l 8
|
| 959 |
|
|
|a 25/20140213
|d 10
|e 159,90
|f ЧЗТЛ:1
|f АНЛ:1
|f УФ:8
|